Five Highest Life Expectancy Countries by Continent - Statistics

General Stats
  • This quiz has been taken 126 times
  • The average score is 21 of 30
Answer Stats
Continent Life Expectancy Country % Correct
Asia 85.2 Japan
95%
Oceania 82.9 New Zealand
92%
North America 84.2 Canada
91%
North America 80.9 United States
91%
Oceania 83.5 Australia
90%
South America 76.3 Brazil
86%
Asia 83.4 South Korea
86%
South America 78.8 Argentina
84%
Asia 86.7 Singapore
84%
South America 80.3 Chile
79%
Europe 83.9 Switzerland
78%
Europe 89.8 Monaco
76%
South America 78.9 Uruguay
73%
Africa 77.9 Algeria
69%
Europe 84.2 San Marino
69%
Asia 81.6 Taiwan
65%
North America 80.1 Cuba
64%
Europe 84 Iceland
64%
South America 78.8 Paraguay
64%
Africa 77.3 Tunisia
64%
Oceania 75.7 Vanuatu | Samoa
62%
Europe 83.8 Andorra
56%
Africa 77.7 Libya
56%
North America 79.2 Panama
52%
Oceania 78 Tonga
52%
Oceania 77.2 Solomon Islands
51%
Africa 76.6 Seychelles
50%
Africa 75.4 Mauritius
47%
North America 80.3 Costa Rica
44%
Asia 83.1 Israel
36%
No matching quizzes found
Score Distribution
Percent of People with Each Score
Percentile by Number Answered
Your Score History
You have not taken this quiz